India in Hungarian learning and literature (Record no. 15336)
[ view plain ]
| 000 -LEADER | |
|---|---|
| fixed length control field | 00563nam a2200169Ia 4500 |
| 082 ## - DEWEY DECIMAL CLASSIFICATION NUMBER | |
| Classification number | 301.29540439 BET-; |
| 100 ## - MAIN ENTRY--AUTHOR NAME | |
| Personal name | Bethlenfalvy, Geza |
| 245 #0 - TITLE STATEMENT | |
| Title | India in Hungarian learning and literature |
| 260 ## - PUBLICATION, DISTRIBUTION, ETC. (IMPRINT) | |
| Place of publication | New Delhi |
| Name of publisher | Munshiram Manoharlal Publishers |
| Year of publication | 1980 |
| 300 ## - PHYSICAL DESCRIPTION | |
| Number of Pages | 88 p.l |
| 650 ## - SUBJECT ADDED ENTRY--TOPICAL TERM | |
| Topical Term | Hungary - Intellectual life |
| 650 ## - SUBJECT ADDED ENTRY--TOPICAL TERM | |
| Topical Term | Hungarian literature - Foreign countries |
| 650 ## - SUBJECT ADDED ENTRY--TOPICAL TERM | |
| Topical Term | Hungary - Civilization |
| 650 ## - SUBJECT ADDED ENTRY--TOPICAL TERM | |
| Topical Term | Hungary - Study and teaching; Indo-Mungarian - History; Hungary - Intellectual life |
| 700 ## - ADDED ENTRY--PERSONAL NAME | |
| Personal name | Wojtilla, Gyula |
| 942 ## - ADDED ENTRY ELEMENTS (KOHA) | |
| Koha item type | Books |
| Withdrawn status | Lost status | Damaged status | Not for loan | Home library | Current library | Date acquired | Bill Date | Full call number | Accession Number | Price effective from | Koha item type |
|---|---|---|---|---|---|---|---|---|---|---|---|
| NASSDOC Library | NASSDOC Library | 08/06/2004 | 2004-10-22 | 301.29540439 BET-; | 20185 | 18/04/2019 | Books |
